<?xml version="1.0" encoding="UTF-8"?>
<record
    xmlns:xsi="http://www.w3.org/2001/XMLSchema-instance"
    xsi:schemaLocation="http://www.loc.gov/MARC21/slim http://www.loc.gov/standards/marcxml/schema/MARC21slim.xsd"
    xmlns="http://www.loc.gov/MARC21/slim">

  <leader>01367nam a2200241Ia 4500</leader>
  <datafield tag="952" ind1=" " ind2=" ">
    <subfield code="0">0</subfield>
    <subfield code="1">0</subfield>
    <subfield code="4">0</subfield>
    <subfield code="7">0</subfield>
    <subfield code="a">11</subfield>
    <subfield code="b">11</subfield>
    <subfield code="d">2010-06-18</subfield>
    <subfield code="l">1</subfield>
    <subfield code="o">HD9349 E57 1988</subfield>
    <subfield code="p">11 008697</subfield>
    <subfield code="r">2015-03-03</subfield>
    <subfield code="s">2015-03-03</subfield>
    <subfield code="t">1</subfield>
    <subfield code="w">2012-06-26</subfield>
    <subfield code="y">LB</subfield>
  </datafield>
  <datafield tag="999" ind1=" " ind2=" ">
    <subfield code="c">72646</subfield>
    <subfield code="d">72646</subfield>
  </datafield>
  <controlfield tag="008">120626s1988    mx            000 0 spa d</controlfield>
  <datafield tag="020" ind1=" " ind2=" ">
    <subfield code="a">9580405859</subfield>
  </datafield>
  <datafield tag="050" ind1=" " ind2=" ">
    <subfield code="a">HD9349 </subfield>
    <subfield code="b">E57 1988</subfield>
  </datafield>
  <datafield tag="100" ind1=" " ind2=" ">
    <subfield code="a">Enrico, Roger</subfield>
    <subfield code="e">autor</subfield>
  </datafield>
  <datafield tag="240" ind1=" " ind2=" ">
    <subfield code="a">The other guy blinked: : How Pepsi won the Cola Wars</subfield>
    <subfield code="l">espa&#xF1;ol</subfield>
  </datafield>
  <datafield tag="245" ind1=" " ind2=" ">
    <subfield code="a">La guerra de las Colas </subfield>
    <subfield code="b">: Vista por el presidente de Pepsi </subfield>
    <subfield code="c">/ Roger, Enrico: Jesse, Kornbluth; traducci&#xF3;n de Jorge, C&#xE1;rdenas Nannetti</subfield>
  </datafield>
  <datafield tag="260" ind1=" " ind2=" ">
    <subfield code="a">Colombia </subfield>
    <subfield code="b">: Norma</subfield>
    <subfield code="c">, 1988</subfield>
  </datafield>
  <datafield tag="300" ind1=" " ind2=" ">
    <subfield code="a">361 p&#xE1;ginas</subfield>
    <subfield code="b">: ilustraciones</subfield>
  </datafield>
  <datafield tag="500" ind1=" " ind2=" ">
    <subfield code="a">T&#xED;tulo original: The other guy blinked: How Pepsi won the Cola Wars</subfield>
  </datafield>
  <datafield tag="505" ind1=" " ind2=" ">
    <subfield code="a">El paso m&#xE1;s seguro que jam&#xE1;s se dio  
Para los que piensan como j&#xF3;venes  
Aprendiendo a dirigir  
La guerra de los 180 d&#xED;as  
En busca del terreno alto  
U&#xF1;a y carne  
Cuando uno quiere una estrella...  
Un mensaje para Michael  
La voz de una Nueva Generaci&#xF3;n  
Nivelando la cancha  
Tomamos la delantera  
Ruleta de celebridades  
Dulce venganza  
Los hemos lastimado. Lo sentimos mucho  
Sobre las olas  
A cielo despejado  
</subfield>
  </datafield>
  <datafield tag="519" ind1=" " ind2=" ">
    <subfield code="a">Material Complementario/  </subfield>
    <subfield code="d">(11 008697)  
</subfield>
  </datafield>
  <datafield tag="650" ind1=" " ind2="0">
    <subfield code="a">COCA COLA COMPANY</subfield>
  </datafield>
  <datafield tag="650" ind1=" " ind2="0">
    <subfield code="a">PEPSI COLA COMPANY</subfield>
  </datafield>
  <datafield tag="650" ind1=" " ind2="0">
    <subfield code="a">INDUSTRIA DE BEBIDAS GASEOSAS</subfield>
    <subfield code="z">ESTADOS UNIDOS</subfield>
  </datafield>
  <datafield tag="700" ind1=" " ind2=" ">
    <subfield code="a">Kornbluth,  Jesse</subfield>
    <subfield code="e">autor</subfield>
  </datafield>
  <datafield tag="700" ind1=" " ind2=" ">
    <subfield code="a">C&#xE1;rdenas Nannetti, Jorge</subfield>
    <subfield code="e">traductor</subfield>
  </datafield>
  <datafield tag="942" ind1=" " ind2=" ">
    <subfield code="c">LB</subfield>
  </datafield>
</record>
